00986nam a2200193 a 450000100100000000500170001000800410002704000250006808200140009311000870010724500950019426000840028930000270037359000270040095201120042795201180053995201180065799900170077500004598720201002052550.0150605s200u dr a 000 0 spa d aDO-SdBNPbspacBNPHU axxxxbxxx1 aRepública DominicanabSistema de información de la gestión financiera97405310aNueva identidad visual del SIGEF :bSistema de información de la gestión financiera /. a[Santo Domingo], :bPrograma de administración financiera integrada,c[201-]. a14 p. :bil. ;c22 cm. aInventariado, 2018/ YL 0010718PDaPDbPDcCTd2015-06-05iLF1l0oxxxx xxxp45987-10r2020-06-25w2020-06-25yLFPDZNo se presta 0010718PDaPDbPDcHDd2015-06-05iLF1l0oxxxx xxxp45987-20r2020-06-25te. 2w2020-06-25yLFPDZNo se presta 0010718DSaPDbPDcHDd2019-03-25iLF1l0oxxxx xxxp45987-30r2020-06-25te. 3w2020-06-25yLFDSZNo se presta c45476d45476